000 00457pab a2200169 454500
008 180718b2004 xxu||||| |||| 00| 0 eng d
100 _aO'Halloran, Anthony
245 _aThe privatisation of citizenship? exploring frameworks for membership of the Irish polity
260 _c2004
300 _ap.19-34.
362 _aAutumn
650 _aPrivatization
650 _aCitizenship
650 _aNationality
773 _aAdministration
909 _a61171
999 _c61171
_d61171